Sprzęt potrzebny skoczkowi narciarskiemu - Statystyki

Ogólne statystyki
  • Ten quiz został rozwiązany 464 razy
  • Średni wynik to 5 z 5
Statystyki odpowiedzi
% Poprawnych
Narty z wiązaniami
99%
kask
98%
kombinezon
94%
gogle
88%
buty
80%
Nie znaleziono quizów pasujących do podanych kryteriów
Rozkład punktacji
Procent ludzi z każdym wynikiem
Percentyl według liczby udzielonych odpowiedzi
Twoja historia wyników
Nie rozwiązałeś tego quizu